Logos de marques suédoises - Statistiques

Statistiques générales
  • Ce quiz a été pris 1 525 fois
    1 520 depuis la dernière actualisation
  • Le résultat moyen est 6 sur 16
Statistiques - réponses
Par images Hint Réponse % Correct
Mobilier Ikea
100%
Mode H&M
99%
Musique Spotify
99%
Automobile Volvo
98%
Jeu vidéo Mojang
41%
Automobile Saab
40%
Electroménager Electrolux
32%
Automobile Koenigsegg
31%
Automobile Scania
17%
Alimentation Wasa
13%
Alcool Absolut Vodka
11%
Télécommunications Ericsson
7%
Connaissance Fondation Nobel
7%
Compagnie aérienne Scandinavian Airlines
7%
Santé AstraZeneca
3%
Banque Swedbank
3%
Aucun quiz correspondant
Distribution des résultats
% des personnes avec chaque résultat
Percentile par nombre de réponses
Votre historique - résultats
Vous n’avez pas pris ce quiz depuis la dernière actualisation